The Corporation as Anomaly / (Record no. 615558)

MARC details
000 -LEADER
fixed length control field 01839nam a2200169Ia 4500
008 - FIXED-LENGTH DATA ELEMENTS--GENERAL INFORMATION
fixed length control field 260225s9999 xx 000 0 und d
020 ## - INTERNATIONAL STANDARD BOOK NUMBER
ISBN 9780521033756
082 ## - DEWEY DECIMAL CLASSIFICATION NUMBER
Classification number 338.74
Item number SCH
100 ## - MAIN ENTRY--AUTHOR NAME
Personal name Schrader, David E.
245 #0 - TITLE STATEMENT
Title The Corporation as Anomaly /
Statement of responsibility, etc Schrader, David E.
260 ## - PUBLICATION, DISTRIBUTION, ETC. (IMPRINT)
Name of publisher Cambridge University Press,
Year of publication 2007
300 ## - PHYSICAL DESCRIPTION
Number of Pages 220 pages
520 ## - SUMMARY, ETC.
Summary, etc The marginalist theory of the corporation or firm, whose characteristics were formally developed in the 1930s, represents a major change in the development of traditional economic theory. In this book, Professor Schrader, a philosopher of economics, discusses the rise of the marginalist conception of the firm in the context of economic thought over the past two centuries, and explains why economists continue to defend a theory with demonstrable shortcomings: the marginalist view of the firm retains its support not through any comparative advantage in empirical or predictive power, but by virtue of its being a part of the predominant marginalist economic program. The clear problems that beset the marginalist approach to the firm signal a general dilemma for economic theory as a whole. Although economists generally remain committed to both a methodological individualism and a preference for non-intentional coordination of economic endeavor, Schrader observes that the modern corporation by its very nature is both a social collective and a locus of intentional coordination of economic activity. An economic theory that does justice to a world in which managerial corporations are among the key agents of production and distribution must generate a theory of collective action to bolster the theory of individual action that forms the present basis for most economic thinking.
650 ## - SUBJECT ADDED ENTRY--TOPICAL TERM
Topical Term Business & Economics
942 ## - ADDED ENTRY ELEMENTS (KOHA)
Koha item type English Books
Holdings
Withdrawn status Lost status Damaged status Not for loan Home library Current library Shelving location Date acquired Full call number Accession Number Price effective from Koha item type
        Anna Centenary Library Anna Centenary Library 4TH FLOOR, A WING 25.02.2026 338.74 SCH 105714 25.02.2026 English Books

Find us on the map